00514nam a2200181Ia 4500008004100000020001400041040001900055041001200074082002900086100002600115245004900141260002500190300003500215504001900250650001400269651002700283850002200310131103s9999 xx 000 0 und d a600342808 aLoreto College aEnglish a704.947/DAVbLCLIB/39327 aDavidson, H. R. Ellis aScandinavian mythologycH. R. Ellis Davidson aLondonbHamlync1988 a143p.b colour platesc 28 cm. aIncludes index aMythology aScandinavian Mythology aLCLIB/704.947/DAV